000 00783nmc a2200277 a 4500
003 AR-BaBNM
005 20251128210255.0
008 011101s1992 ||||||||||||||000 | spa||
020 _a84-8063-003-5
040 _cAR-BaBNM
100 1 _aMeirieu, Philippe
_d1949-
245 1 0 _aAprender, sí. Pero ¿cómo?
250 _a1ª ed.
260 _aBarcelona
_bEdiciones Octaedro
_c1992
300 0 _a213 p.
490 0 _aRecursos-Pedagogía
500 0 _aContiene referencias bibliográficas y glosario
650 4 _aPROCESO DE APRENDIZAJE
650 4 _aDIFICULTADES EN EL APRENDIZAJE
650 4 _aTEORIAS DEL APRENDIZAJE
650 4 _aENSENANZA INDIVIDUALIZADA
653 0 _aESTRATEGIAS EDUCATIVAS
653 0 _aAPRENDER A APRENDER
942 _cBK
998 _cRaquel
999 _c14732
_d14732